Lana Del Rey- West Coast (All Lyrics) - Statistics

General Stats
  • This quiz has been taken 1,013 times
  • The average score is 308 of 427
Answer Stats
Lyrics % Correct
coast,
99%
I
99%
the
99%
West
99%
y
98%
a
97%
on
97%
On
97%
yo,
97%
you,
97%
you?
97%
You
97%
you
97%
Down
95%
got
94%
'n'
94%
Your
93%
your
93%
in
92%
say
91%
"If
90%
music
90%
no
90%
they
90%
you're
90%
You're
90%
not
89%
sayin'
89%
don't
88%
I'm
88%
(I'm
88%
love,
87%
love
87%
love)
87%
then
87%
baby
86%
baby,
86%
drinkin',
85%
playin'"
85%
can
84%
my
84%
see
81%
But
80%
feel
80%
and
78%
And
78%
feelin'
76%
It
76%
it,
76%
it
76%
you've
76%
You've
76%
Boy
74%
boy
74%
boy,
74%
swinging
72%
me
69%
balcony
67%
feeling
67%
like
67%
that
67%
all
66%
so
66%
this
66%
happen,
65%
singing
65%
to
65%
could
64%
fire
64%
for
63%
get
63%
(Get
63%
yeah,
62%
His
61%
his
61%
hot
61%
are
60%
moment,
60%
moment
60%
much
60%
sweet
59%
why
59%
leaving
58%
miss
58%
Blue,
57%
that's
57%
touch
57%
hands
55%
push
55%
their
54%
Their
54%
Move,
53%
move,
53%
Ooh,
52%
ooh,
52%
crazy
50%
hard,
50%
saying
49%
up
49%
icons
48%
como
46%
movies
45%
He's
44%
something
44%
swaying
44%
of
41%
cubano
40%
Parliament's
40%
alive,
39%
away,
39%
Queens
37%
really
37%
it's
35%
keeps
35%
silver
35%
pull
33%
Rock
33%
lush
32%
Roll
31%
golden
30%
groupies
28%
than
28%
Te
27%
hotter
25%
(One,
25%
one
25%
Saigons
24%
la-la
23%
quiet,
22%
starlets,
22%
desire
21%
ever
20%
made
20%
wanna
20%
higher
19%
carino,
18%
guess
16%
deseo,
14%
falling
14%
gods
12%
two)
11%
(Two,
11%
girl)
9%
Parliment's
9%
(Mic-check)
4%
No matching quizzes found
Score Distribution
Percent of People with Each Score
Percentile by Number Answered
Your Score History
You have not taken this quiz